programming in ANSI C (Record no. 5113)

MARC details
000 -LEADER
fixed length control field 00596nam a2200169Ia 4500
003 - CONTROL NUMBER IDENTIFIER
control field SGT
020 ## - INTERNATIONAL STANDARD BOOK NUMBER
International Standard Book Number 9780070648227
082 ## - DEWEY DECIMAL CLASSIFICATION NUMBER
Classification number 5.133
Item number BAL
100 ## - MAIN ENTRY--PERSONAL NAME
Personal name Balagurusamy,E
245 ## - TITLE STATEMENT
Title programming in ANSI C
250 ## - EDITION STATEMENT
Edition statement 6th .4th . Ed.
260 ## - PUBLICATION, DISTRIBUTION, ETC. (IMPRINT)
Name of publisher, distributor, etc Tata McGraw Hill Education Private Limited
Place of publication, distribution, etc New Delhi
Year of Publication 2012
300 ## - PAGE DESCRIPTION
No. of Pages 558p.
650 ## - SUBJECT ADDED ENTRY--TOPICAL TERM
Topical term or geographic name as entry element COMPUTER SCIENCE
653 ## - KEYWORDS--INDEX TERM
Keyword term OVERVIEW OF C, CONSTANTS,VARIABLES,AND DATA TYPES, OPERATORS AND EXPRESSIONS, MANAGING INPUT AND OUTPUT OPERATIONS, DECISION MAKING AND BRANCHING, USER-DEFINED FUNCTIONS, STRUCTURES AND UNIONS
942 ## - ADDED ENTRY ELEMENTS (KOHA)
Source of classification or shelving scheme Dewey Decimal Classification
Koha item type Books
942 ## - ADDED ENTRY ELEMENTS (KOHA)
-- 67
Holdings
Withdrawn status Lost status Source of classification or shelving scheme Damaged status Not for loan Home library Current library Date acquired SGTU Total Checkouts Full call number Accession No. (Barcode) Date last seen Bill Date Koha item type Date last borrowed Total Renewals
    Dewey Decimal Classification     SGT Engineering Library SGT Engineering Library 14/05/2010 SGTU   5.133 BAL FE2585 09/02/2015 09/02/2015 Books    
    Dewey Decimal Classification     SGT Engineering Library SGT Engineering Library 14/05/2010 SGTU 8 5.133 BAL FE2586 19/04/2023 09/02/2015 Books 20/03/2023  
    Dewey Decimal Classification     SGT Engineering Library SGT Engineering Library 14/05/2010 SGTU 11 5.133 BAL FE2587 31/03/2023 09/02/2015 Books 09/03/2023 2
    Dewey Decimal Classification     SGT Engineering Library SGT Engineering Library 14/05/2010 SGTU 8 5.133 BAL FE2588 05/12/2023 09/02/2015 Books 21/11/2023  
    Dewey Decimal Classification     SGT Engineering Library SGT Engineering Library 14/05/2010 SGTU 14 5.133 BAL FE2589 04/04/2024 09/02/2015 Books 04/04/2024  
    Dewey Decimal Classification     SGT Engineering Library SGT Engineering Library 06/11/2012 SGTU 14 5.133 BAL FE5101 11/02/2025 09/02/2015 Books 11/02/2025 3
    Dewey Decimal Classification     SGT Engineering Library SGT Engineering Library 06/11/2012 SGTU 11 5.133 BAL FE5102 14/02/2023 09/02/2015 Books 27/01/2023 1
    Dewey Decimal Classification     SGT Engineering Library SGT Engineering Library 06/11/2012 SGTU 18 5.133 BAL FE5103 20/01/2025 09/02/2015 Books 07/01/2025 1
  Lost and Paid For Dewey Decimal Classification     SGT Engineering Library SGT Engineering Library 06/11/2012 SGTU   5.133 BAL FE5104 12/02/2019 09/02/2015 Books    
    Dewey Decimal Classification     SGT Engineering Library SGT Engineering Library 06/11/2012 SGTU   5.133 BAL FE5105 09/02/2015 09/02/2015 Books    
    Dewey Decimal Classification     SGT Engineering Library SGT Engineering Library 06/09/2012 SGTU 11 5.133 BAL FE5526 12/12/2022 09/02/2015 Books 08/12/2022 2
    Dewey Decimal Classification     SGT Engineering Library SGT Engineering Library 06/09/2012 SGTU 8 5.133 BAL FE5527 25/11/2024 09/02/2015 Books 05/11/2024